Road Trippin’ - Red Hot Chili Peppers - All Lyrics - Statistics

General Stats
  • This quiz has been taken 29 times
  • The average score is 195 of 247
Answer Stats
Answer % Correct
a
100%
and
100%
go
100%
got
100%
Road
100%
snacks
100%
supplies
100%
trippin'
100%
we
100%
We
100%
allies
96%
favorite
96%
in
96%
In
96%
It's
96%
it's
96%
let
96%
Let's
96%
let's
96%
lost
96%
lost,
96%
my
96%
this
96%
This
96%
time
96%
to
96%
two
96%
us
96%
USA
96%
with
96%
away
91%
get
91%
the
91%
Fully
87%
leave
87%
loaded
87%
town,
87%
Blue,
83%
of
83%
so
83%
So
83%
you
83%
for
78%
just
78%
Just
78%
mirror
78%
pretty
78%
steal
78%
sun
78%
west
78%
are
74%
eyes
74%
on
70%
sit
70%
yellow
70%
icing,
65%
some
65%
Sparkle
65%
These
65%
here
61%
one
61%
smiling
61%
Sur
61%
won
61%
Your
61%
battles
57%
light
57%
right
57%
surf
57%
anywhere
52%
check
52%
high
52%
is
52%
more
52%
our
52%
Big
48%
linger
48%
Staying
48%
than
48%
those
48%
trouble
48%
worth
48%
before
43%
come
43%
finger
43%
has
43%
heads
43%
Now
43%
drink
39%
forever
39%
hunky
39%
snake
39%
take
39%
three
39%
dory's
35%
much
35%
dry's
30%
life
30%
shining
26%
stars,
26%
No matching quizzes found
Score Distribution
Percent of People with Each Score
Percentile by Number Answered
Your Score History
You have not taken this quiz